00825nam a2200181 a 450000100100000000500170001000800410002704000250006808200140009310000250010724501270013226000790025930000200033870000390035895201120039795201170050999900170062600003959820201002033635.0130709s2001 dr 000 0 spa d aDO-SdBNPbspacBNPHU axxxbO96m1 aOviedo, José9267110aMercado, políticas de competencia y de protección al consumidor /cJosé Oviedo ; presentación Pedro R. Silverio A. aSanto Domingo :bPontificia Universidad Católica Madre y Maestra,c2001. a61 p. ;c21 cm.1 aSilverio A., Pedro R.,epr.965765 0010718PDaPDbPDcHDd2013-07-09iLF1l0oxxx O96mp39598-10r2020-06-25w2020-06-25yLFPDZNo se presta 0010718PDaPDbPDcHDd2013-09-25iLF1l0oxxx O96mp39598-20r2020-06-25te.2w2020-06-25yLFPDZNo se presta c39088d39088